000 00436nam a2200181Ia 4500
001 20009
005 20260306172734.0
008 260306t1957||||xx |||||||||||||| ||spa||
041 _aESP
082 _a342.144
_bR86
100 _aRousseau, Charles E.
_eAUT
245 0 _aDerecho internacional público
260 _c1957
300 _axliv, 697 páginas :
_c23 cm.
650 _aGEN
654 _aCDE
942 _cLIB
_dJUS
_fJUS
_2ddc
_n
999 _c20009
_d20009